Microelectronic polymers /

Bewaard in:
Bibliografische gegevens
Andere auteurs: Htoo, Maung S., 1927-
Formaat: Boek
Taal:English
Gepubliceerd in: New York : Marcel Dekker, c1989.
Onderwerpen:
LEADER 01020cam a2200289 a 4500
001 c000279877
003 CARM
005 20080131100458.0
008 881012s1989 nyua b 001 0 eng d
010 |a 88030402 
019 1 |a 6081752  |5 LACONCORD2021 
020 |a 0824779908 
035 |a (OCoLC)18715425  |5 LACONCORD2021 
040 |a LC  |b eng  |c LC  |d LC  |d VCAV 
050 0 0 |a TK7871.15.P6  |b M52 1989 
082 0 0 |a 621.3817  |2 19 
245 0 0 |a Microelectronic polymers /  |c edited by Maung S. Htoo. 
260 |a New York :  |b Marcel Dekker,  |c c1989. 
300 |a ix, 407 p. :  |b ill. ;  |c 24 cm. 
504 |a Includes bibliographies and index. 
650 0 |a Polymers. 
650 0 |a Microlithography  |x Materials. 
650 0 |a Microelectronics  |x Materials. 
700 1 |a Htoo, Maung S.,  |d 1927- 
852 8 |b CARM  |h A1:AL33B0  |i B10450  |p 0463105  |f BK 
999 f f |i b9e4f92b-165d-572f-9cf2-8195b4179a92  |s 67c5ee16-1047-5d53-9c14-6b8caf81e0ae 
952 f f |p Can circulate  |a CAVAL  |b CAVAL  |c CAVAL  |d CARM 1 Store  |e B10450  |f A1:AL33B0  |h Other scheme  |i book  |m 0463105